| 000 | 00635nam a2200193 a 4500 | ||
|---|---|---|---|
| 005 | 20210223125249.0 | ||
| 008 | 040203s1998 mx r 000 0 spa d | ||
| 020 | _a9681208978 | ||
| 035 | _aUPN01000131681 | ||
| 049 | _aCG | ||
| 050 | 4 |
_aZA4201 _bH4.3 |
|
| 100 | 1 | _aHerrero Solana, Víctor Federico | |
| 245 | 1 | 0 |
_aGuía de fuentes de información sobre recursos internet / _cVíctor Federico Herrero Solana. |
| 260 |
_aMéxico : _bEl Colegio de México, _c1998. |
||
| 300 | _a96 p. | ||
| 440 | 0 |
_aCuadernos de la biblioteca Daniel Cosío Villegas ; _v3 |
|
| 650 | 4 |
_aDIRECCIONES DE INTERNET - _vDIRECTORIOS _9677 |
|
| 905 | _aLibro | ||
| 999 |
_c103836 _d103836 |
||